000 00545nam a2200217Ia 4500
003 OSt
005 20221007082845.0
006 a|||||r|||| 00| 0
007 ta
008 221006b |||||||| |||| 00| 0 eng d
024 _a30,347
037 _cDissertations
040 _aFLL
_cFLL
_beng
041 _2eng
_aeng
100 _aKhudair Nibras Salem
_9699657
245 0 _aLiability for tort of defamation
260 _c2008
300 _axxxiv,259p
_ccm.
942 _cDIS
_2CC
999 _c1167975
_d1167975